Edificios famosos de Sevilla - Estadísticas

Estadísticas generales
  • Esta prueba ha sido intentada 209 veces
  • La puntuación promedio es 8 de 10
Estadísticas de respuestas
Imagen Respuesta % Correcto
Giralda
98%
Plaza de España
98%
Torre del Oro
97%
Metropol Parasol
93%
Puente de Isabel II
90%
Torre Sevilla
80%
Real Alcázar de Sevilla
77%
Plaza de Toros de la Maestranza
73%
Palacio de San Telmo
55%
Museo de Artes y Costumbres
14%
No se encontraron pruebas coincidentes
Distribución de puntuación
Porcentaje de gente con cada puntuación
Porcentaje por número respondido
Historial de tus puntuaciones
No has intentado esta prueba.